Entwicklungspolitik für und in den neuen Bundesländern.

Skúmanie budúceho ekonomického rozvoja na príklade programu rozvoja okresu Eilenburg. Analýza problémových a silných miest tohto okresu z hľadiska jeho konkurencieschopnosti. Návrh predstáv budúceho vývoja vidieckeho okresu. Odvodenie konkrétnych návrhov na konanie s rôznym časovým horizontom.

Gespeichert in:
Bibliographische Detailangaben
1. Verfasser: Maier, J.
Weitere Verfasser: Satzinger, T.
Format: Buchkapitel
Sprache:Deutsch
Schlagworte:
Tags: Tag hinzufügen
Keine Tags, Fügen Sie das erste Tag hinzu!

MARC

LEADER 00000naa a2200000 4500
001 r011513
005 20221130113157.7
041 0 |a ger 
044 |a DE 
245 1 0 |a Entwicklungspolitik für und in den neuen Bundesländern.  |c J. Maier, T. Satzinger 
520 |a Skúmanie budúceho ekonomického rozvoja na príklade programu rozvoja okresu Eilenburg. Analýza problémových a silných miest tohto okresu z hľadiska jeho konkurencieschopnosti. Návrh predstáv budúceho vývoja vidieckeho okresu. Odvodenie konkrétnych návrhov na konanie s rôznym časovým horizontom. 
610 2 0 |a rozvoj hospodársky 
610 2 0 |a okresy 
610 2 0 |a vidiek 
610 2 0 |a konkurencieschopnosť 
610 2 0 |a Nemecko 
610 2 0 |a Eilenburg 
100 1 |a Maier, J. 
700 1 |a Satzinger, T.